Luật giáo dục và nghị định qui định chi tiết hướng dẫn thi hành

Nội dung tài liệu trình bày về các văn bản luật trong lĩnh vực giáo dục được Quốc hội khoá XI thông qua ngày 14/06/2005 gồm 9 chương, 120 điều và có hiệu lực kể từ ngày 01 tháng 01 năm 2006.

Tallennettuna:
Bibliografiset tiedot
Aineistotyyppi: Kirja
Kieli:Undetermined
Julkaistu: Hà Nội Lao động - Xã hội 2007
Aiheet:
Tagit: Lisää tagi
Ei tageja, Lisää ensimmäinen tagi!
Thư viện lưu trữ: Trung tâm Học liệu Trường Đại học Cần Thơ
LEADER 00874nam a2200193Ia 4500
001 CTU_121352
008 210402s9999 xx 000 0 und d
020 |c 35000 
082 |a 344.59707 
082 |b L504/2007 
245 0 |a Luật giáo dục và nghị định qui định chi tiết hướng dẫn thi hành 
260 |a Hà Nội 
260 |b Lao động - Xã hội 
260 |c 2007 
520 |a Nội dung tài liệu trình bày về các văn bản luật trong lĩnh vực giáo dục được Quốc hội khoá XI thông qua ngày 14/06/2005 gồm 9 chương, 120 điều và có hiệu lực kể từ ngày 01 tháng 01 năm 2006. 
650 |a Educational law and legislation 
650 |z Vietnam 
904 |i Duy Bằng 
980 |a Trung tâm Học liệu Trường Đại học Cần Thơ